| 000 | 00429nam a2200181Ia 4500 | ||
|---|---|---|---|
| 999 |
_c30739 _d30739 |
||
| 003 | OSt | ||
| 005 | 20260430110325.0 | ||
| 008 | 200615s9999||||xx |||||||||||||| ||und|| | ||
| 020 | _a9788121908290 | ||
| 040 | _cMUIT LUCKNOW | ||
| 082 |
_a592 _bAMA-V |
||
| 100 | _aVERMA,PS | ||
| 245 | 2 | _aA MANUAL OF PRACTICAL ZOOLOGY INVERTEBRATES | |
| 250 | _a1ST | ||
| 260 |
_aNEW DELHI _bS.CHAND _c2016 |
||
| 300 | _a497 | ||
| 942 |
_cBK _2ddc |
||